<?xml version="1.0" encoding="UTF-8"?>
<record
    xmlns:xsi="http://www.w3.org/2001/XMLSchema-instance"
    xsi:schemaLocation="http://www.loc.gov/MARC21/slim http://www.loc.gov/standards/marcxml/schema/MARC21slim.xsd"
    xmlns="http://www.loc.gov/MARC21/slim">

  <leader>01362nam a2200145   4500</leader>
  <controlfield tag="008">707 A533a</controlfield>
  <datafield tag="020" ind1=" " ind2=" ">
    <subfield code="a">9788461776634</subfield>
  </datafield>
  <datafield tag="082" ind1=" " ind2=" ">
    <subfield code="a">707 </subfield>
    <subfield code="b">A533a</subfield>
  </datafield>
  <datafield tag="100" ind1=" " ind2=" ">
    <subfield code="a">Arriola, Aimar, Gar&#xED;n, Nancy, Vald&#xE9;s, Linda (edici&#xF3;n), Sarriugarte, Danele (traducci&#xF3;n)</subfield>
    <subfield code="9">6308</subfield>
  </datafield>
  <datafield tag="245" ind1=" " ind2=" ">
    <subfield code="a">Anarchivo SIDA</subfield>
  </datafield>
  <datafield tag="260" ind1=" " ind2=" ">
    <subfield code="a">Pa&#xED;s Vasco</subfield>
    <subfield code="b">Artes Gr&#xE1;ficas Lorea S.L.</subfield>
    <subfield code="c">2017</subfield>
  </datafield>
  <datafield tag="300" ind1=" " ind2=" ">
    <subfield code="a">248 p.</subfield>
    <subfield code="b">ill. (col)</subfield>
    <subfield code="c">23.5 x 16.5 cm</subfield>
  </datafield>
  <datafield tag="505" ind1=" " ind2=" ">
    <subfield code="t">Un bosque, Pablo Ber&#xE1;stegui</subfield>
    <subfield code="t">Visibilizar lo olvidado, Ane Rodr&#xED;guez Armendariz</subfield>
    <subfield code="t">Una introducci&#xF3;n, Equipo re</subfield>
    <subfield code="t">About Blank, Franco Berardi</subfield>
    <subfield code="t">Un abrazo en Anarchivo SIDA, Julen Zabala</subfield>
    <subfield code="t">Los registros del silencio, Sejo Carrascoa</subfield>
    <subfield code="t">ANIMAL</subfield>
    <subfield code="t">La palabra hecha sudadera Hezkuntza / Mediaci&#xF3;n (Tabakalera)</subfield>
    <subfield code="t">MUERTE</subfield>
    <subfield code="t">Dererumnatura, Miguel Benlloch</subfield>
    <subfield code="t">Daer Jon, Aimar P&#xE9;rez Gal&#xED;</subfield>
    <subfield code="t">Jon Greenberg</subfield>
    <subfield code="t">True in my body, Jes&#xFA;s Jaleton</subfield>
    <subfield code="t">SALUD</subfield>
    <subfield code="t">S.I. Performance duracional One by One, Quimera Rosa</subfield>
    <subfield code="t">salud/saber/poder, Josebe Iturrioz / Medeak</subfield>
    <subfield code="t">Dispositivo de la sala, Carmen Nogueira</subfield>
    <subfield code="t">El anarchivo expiatorio, Harkaitz Cano</subfield>
    <subfield code="t">Un anarchivo..., Duen Xara Sacchi</subfield>
    <subfield code="t">Suaves se revelan, &#xE1;speras cuidan, todas de tocan..., Laura Vall&#xE9;s</subfield>
    <subfield code="t">Eroticising the archive: AIDS Anarchive at Tabakalera, Mar&#xED;a I&#xF1;igo Clavo</subfield>
    <subfield code="t">Biograf&#xED;as</subfield>
    <subfield code="t">English translations</subfield>
    <subfield code="t">Cr&#xE9;ditos</subfield>
  </datafield>
  <datafield tag="650" ind1=" " ind2=" ">
    <subfield code="x">arte investigaci&#xF3;n</subfield>
    <subfield code="x">arte pr&#xE1;cticas est&#xE9;ticas</subfield>
    <subfield code="x">arte representaciones</subfield>
    <subfield code="x">arte SIDA</subfield>
    <subfield code="x">Pol&#xED;ticas sociales</subfield>
    <subfield code="9">6309</subfield>
  </datafield>
  <datafield tag="999" ind1=" " ind2=" ">
    <subfield code="c">1501</subfield>
    <subfield code="d">1501</subfield>
  </datafield>
  <datafield tag="952" ind1=" " ind2=" ">
    <subfield code="0">0</subfield>
    <subfield code="1">0</subfield>
    <subfield code="2">ddc</subfield>
    <subfield code="4">0</subfield>
    <subfield code="7">0</subfield>
    <subfield code="a">LV</subfield>
    <subfield code="b">LV</subfield>
    <subfield code="c">Pensamiento</subfield>
    <subfield code="d">2018-06-15</subfield>
    <subfield code="l">0</subfield>
    <subfield code="o">707  A533a</subfield>
    <subfield code="p">004591</subfield>
    <subfield code="r">2018-06-15 00:00:00</subfield>
    <subfield code="w">2018-06-15</subfield>
    <subfield code="y">01</subfield>
  </datafield>
</record>
